<?xml version="1.0" encoding="UTF-8"?>
<record
    xmlns:xsi="http://www.w3.org/2001/XMLSchema-instance"
    xsi:schemaLocation="http://www.loc.gov/MARC21/slim http://www.loc.gov/standards/marcxml/schema/MARC21slim.xsd"
    xmlns="http://www.loc.gov/MARC21/slim">

  <leader>02799cam a22003857a 4500</leader>
  <controlfield tag="001">17343136</controlfield>
  <controlfield tag="003">NUST - PNEC</controlfield>
  <controlfield tag="005">20170116181204.0</controlfield>
  <controlfield tag="008">120612s2013    nyuab         000 0 eng  </controlfield>
  <datafield tag="010" ind1=" " ind2=" ">
    <subfield code="a">  2012941795</subfield>
  </datafield>
  <datafield tag="020" ind1=" " ind2=" ">
    <subfield code="a">9781133127550</subfield>
  </datafield>
  <datafield tag="020" ind1=" " ind2=" ">
    <subfield code="a">113312755X</subfield>
  </datafield>
  <datafield tag="035" ind1=" " ind2=" ">
    <subfield code="a">(OCoLC)ocn827727125</subfield>
  </datafield>
  <datafield tag="040" ind1=" " ind2=" ">
    <subfield code="c">LIBRARY</subfield>
  </datafield>
  <datafield tag="042" ind1=" " ind2=" ">
    <subfield code="a">lccopycat</subfield>
  </datafield>
  <datafield tag="050" ind1="0" ind2="0">
    <subfield code="a">TJ808</subfield>
    <subfield code="b">.G66 2013</subfield>
  </datafield>
  <datafield tag="082" ind1=" " ind2=" ">
    <subfield code="a">621.042 GOO</subfield>
  </datafield>
  <datafield tag="100" ind1="1" ind2=" ">
    <subfield code="a">Goodstal, Gary.</subfield>
  </datafield>
  <datafield tag="245" ind1="1" ind2="0">
    <subfield code="a">Electrical theory for renewable energy /</subfield>
    <subfield code="c">Gary Goodstal.</subfield>
  </datafield>
  <datafield tag="260" ind1=" " ind2=" ">
    <subfield code="a">Clifton Park, N.Y. :</subfield>
    <subfield code="b">Delmar ;</subfield>
    <subfield code="a">Andover :</subfield>
    <subfield code="b">Cengage Learning,</subfield>
    <subfield code="c">2013.</subfield>
  </datafield>
  <datafield tag="300" ind1=" " ind2=" ">
    <subfield code="a">xvi, 256 p. :</subfield>
    <subfield code="b">Ill. (some col.), maps ;</subfield>
    <subfield code="c">27 cm.</subfield>
  </datafield>
  <datafield tag="490" ind1="0" ind2=" ">
    <subfield code="a">Cengage learning series in renewable energies.</subfield>
  </datafield>
  <datafield tag="500" ind1=" " ind2=" ">
    <subfield code="a">Includes glossary and index.</subfield>
  </datafield>
  <datafield tag="505" ind1="1" ind2=" ">
    <subfield code="a">1. Atomic Theory --- 2. Electrical Measurement and Ohm's Law --- 3. Resistors, Capacitors and Inductors --- 4. Series DC Circuits --- 5. Parallel DC Circuit --- 6. Introduction to alternating current --- 7. R-C and R-L AC Circuits --- 8. Batteries --- 9. Inverters, Controllers, and Applications --- 10. Photovoltaic Cells &amp; Applications --- 11. Wind Turbine Power Measurements and Mechanical Construction --- 12. Wind Turbines &amp; Power Generation --- 13. Fuel Cells.</subfield>
  </datafield>
  <datafield tag="520" ind1=" " ind2=" ">
    <subfield code="a">Essential for anyone interested in a career in renewable energy, ELECTRICAL THEORY FOR RENEWABLE ENERGY presents a solid foundation of electrical theory and applications for both photovoltaic (PV) power and wind power in one engaging book. Designed to apply to electricians as well as individuals specializing in PV and wind turbines, each chapter provides a common technical language and knowledge base for all renewable energy practitioners so that all members of the team (i.e., practitioners, designers, installers and engineers) are able to work together effectively in the field. With multiple examples and opportunities for practice, this book covers the basic electrical theory that is required for you to understand any renewable energy source that generates electricity. -- Back cover.</subfield>
  </datafield>
  <datafield tag="650" ind1=" " ind2="0">
    <subfield code="a">Electrical engineering.</subfield>
    <subfield code="x">EE, EL</subfield>
  </datafield>
  <datafield tag="856" ind1="4" ind2="2">
    <subfield code="3">Publisher description</subfield>
    <subfield code="u">http://www.loc.gov/catdir/enhancements/fy1212/2012941795-d.html</subfield>
  </datafield>
  <datafield tag="856" ind1="4" ind2="1">
    <subfield code="3">Table of contents only</subfield>
    <subfield code="u">http://www.loc.gov/catdir/enhancements/fy1212/2012941795-t.html</subfield>
  </datafield>
  <datafield tag="856" ind1="4" ind2="2">
    <subfield code="3">Contributor biographical information</subfield>
    <subfield code="u">http://www.loc.gov/catdir/enhancements/fy1303/2012941795-b.html</subfield>
  </datafield>
  <datafield tag="856" ind1="4" ind2="2">
    <subfield code="u">http://www.amazon.in/Electrical-Renewable-Cengage-Learning-Energies/dp/113312755X/ref=sr_1_1?s=books&amp;ie=UTF8&amp;qid=1456115611&amp;sr=1-1&amp;keywords=9781133127550</subfield>
  </datafield>
  <datafield tag="906" ind1=" " ind2=" ">
    <subfield code="a">7</subfield>
    <subfield code="b">cbc</subfield>
    <subfield code="c">copycat</subfield>
    <subfield code="d">2</subfield>
    <subfield code="e">epcn</subfield>
    <subfield code="f">20</subfield>
    <subfield code="g">y-gencatlg</subfield>
  </datafield>
  <datafield tag="942" ind1=" " ind2=" ">
    <subfield code="2">ddc</subfield>
    <subfield code="c">BK</subfield>
  </datafield>
  <datafield tag="999" ind1=" " ind2=" ">
    <subfield code="c">71559</subfield>
    <subfield code="d">71559</subfield>
  </datafield>
  <datafield tag="952" ind1=" " ind2=" ">
    <subfield code="0">0</subfield>
    <subfield code="1">0</subfield>
    <subfield code="2">ddc</subfield>
    <subfield code="3">paperback</subfield>
    <subfield code="4">0</subfield>
    <subfield code="7">0</subfield>
    <subfield code="a">PNEC</subfield>
    <subfield code="b">PNEC</subfield>
    <subfield code="c">REF</subfield>
    <subfield code="d">2015-12-03</subfield>
    <subfield code="e">Progressive International Agencies / Ref Grant</subfield>
    <subfield code="g">7771.14</subfield>
    <subfield code="l">0</subfield>
    <subfield code="o">621.042 GOO</subfield>
    <subfield code="p">PNECLIB-032619</subfield>
    <subfield code="r">2016-02-22</subfield>
    <subfield code="v">7771.14</subfield>
    <subfield code="w">2015-12-03</subfield>
    <subfield code="y">BK</subfield>
  </datafield>
</record>
